[Event "Battle on the 8^2"]
[Site "SchemingMind.com"]
[Date "2013.06.29"]
[Round "-"]
[White "michel"]
[Black "rookie31"]
[Result "0-1"]
[WhiteCountry "CAN"]
[BlackCountry "IND"]
[WhiteElo "1977"]
[WhiteRD "74"]
[BlackElo "2141"]
[BlackRD "66"]
[GameID "333832"]

1. e4 c6 2. d4 d5 3. exd5 cxd5 4. c4 e6 5. Nc3 Nf6 6. Nf3 Be7 7. a3 O-O 8. c5 Re8 9. Bd3 b6 10. b4 bxc5
11. bxc5 Ba6 12. O-O Bxd3 13. Qxd3 Nc6 14. Qa6 Qc7 15. Nb5 Qc8 16. Qxc8 Rexc8 17. Bf4 Ne4 18. h3 a6 19. Nd6 Rd8 20. Rac1 Nxd6
21. cxd6 Bxd6 22. Rxc6 Bxf4 23. g3 Bd6 24. a4 a5 25. Rfc1 Kf8 26. Ne1 Rab8 27. Ra6 Ba3 28. Rd1 Ra8 29. Rxa8 Rxa8 30. Rb1 Bb4
31. Nc2 Bd2 32. Kf1 Rc8
0-1

[Event "Battle on the 8^2"]
[Site "SchemingMind.com"]
[Date "2013.06.28"]
[Round "-"]
[White "michel"]
[Black "Scooter"]
[Result "1-0"]
[WhiteCountry "CAN"]
[BlackCountry "USA"]
[WhiteElo "1977"]
[WhiteRD "74"]
[BlackElo "1756"]
[BlackRD "49"]
[GameID "333833"]

1. e4 Nc6 2. d4 e5 3. Nf3 exd4 4. Nxd4 Bc5 5. Be3 Qf6 6. c3 Nge7 7. g3 O-O 8. Bg2 d6 9. O-O Bd7 10. f4 a6
11. Nc2 Bxe3+ 12. Nxe3 Rad8 13. Nd2 Rfe8 14. Qc2 b5 15. Rae1 g6 16. h3 Nb8 17. g4 Bc6 18. Nb3 Qg7 19. Nd4 Bb7 20. a4 Nec6
21. Ne2 Ne7 22. Ng3 c5 23. axb5 axb5 24. Qd3 h5 25. gxh5 gxh5 26. Kh2 h4 27. Ngf5 Nxf5 28. Nxf5 Qf6 29. Qf3 Bc8 30. Qg4+ Qg6
31. Qxg6+ fxg6 32. Nxh4 Kg7 33. Bf3 Nd7 34. Rg1 Nf8 35. f5 c4 36. Nxg6
1-0

[Event "Battle on the 8^2"]
[Site "SchemingMind.com"]
[Date "2013.06.29"]
[Round "-"]
[White "michel"]
[Black "NYNH"]
[Result "1-0"]
[WhiteCountry "CAN"]
[BlackCountry "USA"]
[WhiteElo "1977"]
[WhiteRD "74"]
[BlackElo "1984"]
[BlackRD "68"]
[GameID "333834"]

1. e4 c5 2. Nf3 d6 3. Bb5+ Nc6 4. O-O Bd7 5. c3 Nf6 6. Re1 a6 7. Ba4 g6 8. d4 cxd4 9. cxd4 Bg7 10. e5 dxe5
11. dxe5 Ng4 12. Nc3 Ngxe5 13. Nxe5 Nxe5 14. Bf4 Bxa4 15. Qxa4+ Nc6 16. Rad1 Qa5 17. Rxe7+ Kxe7 18. Bd6+ Ke6 19. Qe4+ Ne5 20. b4 Qb6
21. Qd5+ Kf5 22. g4+ Kxg4 23. Qg2+ Kf5 24. Qh3+ Kg5 25. Ne4+ Kf4 26. Qh4+ Kf5 27. Ng3+ Ke6 28. Qe7#
1-0

[Event "Battle on the 8^2"]
[Site "SchemingMind.com"]
[Date "2013.06.29"]
[Round "-"]
[White "michel"]
[Black "erobeno"]
[Result "1/2-1/2"]
[WhiteCountry "CAN"]
[BlackCountry "TUR"]
[WhiteElo "1977"]
[WhiteRD "74"]
[BlackElo "1977"]
[BlackRD "62"]
[GameID "333835"]

1. e4 c5 2. Nf3 d6 3. Bb5+ Nc6 4. O-O e5 5. c3 Nf6 6. d4 cxd4 7. cxd4 exd4 8. Nxd4 Bd7 9. Nc3 Be7 10. Bf4 O-O
11. Re1 a6 12. Ba4 b5 13. Bc2 Ne5 14. Bg3 Rc8 15. Rc1 g6 16. h3 Nc4 17. b3 Ne5 18. Bb1 Qa5 19. Nd5 Nxd5 20. Rxc8 Rxc8
21. exd5 Bf6 22. f4 Nd3 23. Qxd3 Rc3 24. Qd2 Bxd4+ 25. Qxd4 Rxg3 26. Re7 Qc3 27. Qxc3 Rxc3 28. Rxd7 Rc1+ 29. Kf2 Rxb1 30. Rxd6 Rb2+
31. Ke3 Rxa2 32. Rd8+ Kg7 33. d6 Ra1 34. Kd4 Kf6 35. Re8 Rd1+ 36. Kc5 Rc1+ 37. Kb6 Rd1 38. Kc7 Rc1+ 39. Kd7 Rc3 40. Ra8 Rxb3
41. Rxa6 b4 42. Rb6 Kg7 43. Ke8 Re3+ 44. Kd8= b3 45. d7 Rd3 46. Kc7=
1/2-1/2

[Event "Battle on the 8^2"]
[Site "SchemingMind.com"]
[Date "2013.06.29"]
[Round "-"]
[White "Derek Price"]
[Black "michel"]
[Result "1-0"]
[WhiteCountry "ENG"]
[BlackCountry "CAN"]
[WhiteElo "2333"]
[WhiteRD "79"]
[BlackElo "2038"]
[BlackRD "61"]
[GameID "333836"]

1. d4 Nf6 2. c4 c5 3. Nf3 cxd4 4. Nxd4 e5 5. Nb5 d5 6. cxd5 Bc5 7. e3 O-O 8. N5c3 e4 9. Be2 Qe7 10. a3 Rd8
11. b4 Bd6 12. Bb2 a5 13. bxa5 Be5 14. Nd2 Nxd5 15. Nxd5 Rxd5 16. Bxe5 Qxe5 17. Rc1 Be6 18. Qc2 Nd7 19. Nb3 Nf8 20. O-O Rd6
21. Nd4 Qxa5 22. Qxe4 Bd5 23. Qe5 Rg6 24. g3 Bc6 25. Qxa5 Rxa5 26. Rc3 Bd5 27. Rd1 Rf6 28. Nb5 Bc6 29. Nd6 g6 30. e4 Re6
31. Bc4 Re7 32. Rf3 Bxe4 33. Re3
1-0

[Event "Battle on the 8^2"]
[Site "SchemingMind.com"]
[Date "2013.06.29"]
[Round "-"]
[White "tyler_ensor"]
[Black "michel"]
[Result "0-1"]
[WhiteCountry "CAN"]
[BlackCountry "CAN"]
[WhiteElo "1822"]
[WhiteRD "69"]
[BlackElo "2070"]
[BlackRD "61"]
[GameID "333837"]

1. d4 Nf6 2. c4 c5 3. d5 b5 4. cxb5 a6 5. bxa6 g6 6. Nc3 Bxa6 7. e4 Bxf1 8. Kxf1 d6 9. Nf3 Bg7 10. g3 O-O
11. Kg2 Nbd7 12. h3 Ra6 13. Re1 Qa8 14. Bg5 h6 15. Bd2 Rb8 16. Qc2 Ne8 17. b3 Nc7 18. a4 e6 19. dxe6 Nxe6
0-1

[Event "Battle on the 8^2"]
[Site "SchemingMind.com"]
[Date "2013.06.29"]
[Round "-"]
[White "rookie31"]
[Black "michel"]
[Result "1-0"]
[WhiteCountry "IND"]
[BlackCountry "CAN"]
[WhiteElo "2141"]
[WhiteRD "66"]
[BlackElo "1977"]
[BlackRD "74"]
[GameID "333838"]

1. d4 Nf6 2. c4 c5 3. d5 b5 4. cxb5 a6 5. Nc3 axb5 6. Nxb5 Ba6 7. Nc3 g6 8. Nf3 Bg7 9. e4 Bxf1 10. Kxf1 d6
11. Kg1 O-O 12. h3 Nbd7 13. Kh2 Qa5 14. Qc2 Rfb8 15. Rd1 Ne8 16. Bd2 Nc7 17. a4 Qa6 18. a5 Nb5 19. Nxb5 Rxb5 20. Ra2 Rab8
21. Qd3 Qa7 22. Bc3 Bxc3 23. Qxc3 Rb3 24. Qc2 f6 25. Qe2 R8b5 26. Rda1 R3b4 27. Kg1 Nb8 28. Ne1 c4 29. Nc2 Rxb2 30. Rxb2 Rxb2
31. Qxc4 Kg7 32. Qc3 Rb7 33. Nd4 Nd7 34. Ne6+
1-0

[Event "Battle on the 8^2"]
[Site "SchemingMind.com"]
[Date "2013.06.29"]
[Round "-"]
[White "NYNH"]
[Black "michel"]
[Result "0-1"]
[WhiteCountry "USA"]
[BlackCountry "CAN"]
[WhiteElo "1984"]
[WhiteRD "68"]
[BlackElo "1977"]
[BlackRD "74"]
[GameID "333840"]

1. d4 Nf6 2. c4 c5 3. d5 b5 4. cxb5 a6 5. bxa6 g6 6. Nc3 Bxa6 7. g3 d6 8. Bg2 Bg7 9. Nf3 Nbd7 10. O-O Nb6
11. Rb1 Bc4 12. b3 Nfxd5 13. Nxd5 Bxd5 14. a4 O-O 15. Bd2 e6 16. a5 Nd7 17. Bf4 Nf6 18. Qd2 Ne4 19. Qc2 Qxa5 20. Ng5 Nxg5
21. Bxg5 Bxg2 22. Kxg2 Rfb8 23. Bf4 Qb6 24. Rfd1 Rd8 25. Be3 Qa5 26. Rd2 Rac8 27. Rc1 Qb4 28. Bg5 Rd7 29. Bf4 d5 30. g4 e5
31. Be3 Qxg4+ 32. Kh1 d4 33. f3 Qh3 34. Bf2 Bh6
0-1

[Event "Battle on the 8^2"]
[Site "SchemingMind.com"]
[Date "2013.06.29"]
[Round "-"]
[White "erobeno"]
[Black "michel"]
[Result "1/2-1/2"]
[WhiteCountry "TUR"]
[BlackCountry "CAN"]
[WhiteElo "1977"]
[WhiteRD "62"]
[BlackElo "1977"]
[BlackRD "74"]
[GameID "333841"]

1. e4 e5 2. Nf3 Nc6 3. Bb5 f5 4. Nc3 fxe4 5. Nxe4 Nf6 6. Qe2 d5 7. Neg5 Bd6 8. Nxe5 O-O 9. Nxc6 bxc6 10. Bxc6 Rb8
11. O-O Rb6 12. Ba4 Bxh2+ 13. Kxh2 Ng4+ 14. Kg1 Qxg5 15. f3 Rbf6 16. d4 Qh4 17. g3 Qxg3+ 18. Qg2 Rxf3 19. Rxf3 Rxf3 20. Qxg3 Rxg3+
21. Kf1 Ba6+ 22. Ke1 Rg1+ 23. Kd2 h5 24. Bc6 Nf6 25. b4 Bc4 26. Ke3 g5 27. Kf2 Rd1 28. Kg2 Kg7 29. a4 Kg6 30. b5 Kf5
31. Rb1 Kg4 32. Bxg5 Rxb1 33. Bxf6 Ra1 34. Bd8 Ra2 35. Bd7+ Kf4 36. Bxc7+ Ke4 37. Bb8 h4 38. Bxa7 Rxa4= 39. b6 Rb4 40. Bc8 Kxd4
41. b7+ Kc3 42. b8=Q Rxb8= 43. Bxb8 Kxc2 44. Be5 Kd3 45. Kf3 Bb3 46. Bf5+ Kc4 47. Ke3 Bd1 48. Bf6 Bh5 49. Bxh4 d4+ 50. Kd2 Be8
51. Be6+ Kc5 52. Be7+ Kb6 53. Kd3 Kb7 54. Kxd4 Bc6 55. Kc5 Bg2 56. Kb4=
1/2-1/2